| 000 | 00743nam a22002297a 4500 | ||
|---|---|---|---|
| 999 |
_c192767 _d192767 |
||
| 005 | 20221003165854.0 | ||
| 010 | _aENG-135282 | ||
| 020 |
_a9789389146516 _c200.00 |
||
| 035 | _aEN-118814 | ||
| 037 | _bDBAD/PUB | ||
| 082 | _a333.7 | ||
| 245 |
_aEconomic And Enivornmental Impact Of Plastics In India: _cEdited by P. Pattinathar [et.al...] |
||
| 260 |
_aMadurai _bShanlax Publications _c2019 |
||
| 270 |
_a61, 66 T.P.K. Main Road, Vasantha Nagar _bMadurai _e625003 _mpublisher@shanlaxpublications.com |
||
| 300 |
_a167p. _c24cm(pbk) |
||
| 700 | _aPattinathar, P. | ||
| 700 | _aBabu, A. Satheesh | ||
| 700 | _aArunlmaran, M. | ||
| 700 | _aDhinakaran, N. | ||
| 700 | _aKumar, G. Ashok | ||
| 942 |
_2ddc _cEN _h333.7 _mECO |
||